000 00622nam a2200181Ia 4500
008 151018s9999 xx 000 0 und d
082 _bRBASDV46121
_a520
100 _aसंजय सोनवणी
245 _aअवकाशताण सिद्धांत
250 _b1
260 _bपुष्प प्रकाशन पुणे
_c2007
300 _a100
600 _aसंजय सोनवणी
630 _aअवकाशताण सिद्धांत
700 _aसंजय सोनवणी
730 _aअवकाशताण सिद्धांत
942 _cBOOK
999 _c1045282
_d1045279